| 000 | 01292cab a2200181 4500 | ||
|---|---|---|---|
| 001 | ##L132607 | ||
| 008 | 060222n2006 000 0 eng u | ||
| 035 | _a(Sirsi) u132607 | ||
| 041 | 0 | _aeng | |
| 100 | 1 | _aTinworth, Adam | |
| 245 | 0 | 0 | _aOne-stop shop to tackle red tape |
| 260 | _c2006 | ||
| 490 | 0 |
_aEstates Gazette _v(0606) 11 February 2006, 66-68(3) |
|
| 520 | _aReports on RICS plans for fundamental changes in its regulatory functions and offering cheaper and easier compliance. RICS has released a consultation paper (L132606) setting out its proposed regulatory strategy with a 13 March 2006 deadline for feedback. The consultation paper has its origin in the April 2005 Carsberg report on the regulatory role of the RICS (L129322). RICS proposes splitting its regulation and representation arms into separate divisions and changing its regulatory philosophy. Deals also with RICS' move to secure its status as an approved body for the regulation of insurance business thus rescuing its members from the expense and burden of Financial Services Agency insurance business regulation. RICS wants to become the regulatory provider of choice in the property sector | ||
| 590 | _aIKA280206 | ||
| 690 | _aABOUT RICS-RICS PROFESSIONAL REGULATION AND CONSUMER PROTECTION | ||
| 942 | _n0 | ||
| 999 |
_c76524 _d76524 |
||